Catálogo
 En Linea

El maestro eficiente / (Registro nro. 41543)

Detalles MARC
000 -CABECERA
campo de control de longitud fija 00504nam a2200157 a 4500
001 - NÚMERO DE CONTROL
campo de control 000042054
005 - FECHA Y HORA DE LA ÚLTIMA TRANSACCIÓN
campo de control 20201002035917.0
008 - DATOS DE LONGITUD FIJA--INFORMACIÓN GENERAL
campo de control de longitud fija 131112s2004 xx 000 0 spa d
040 ## - FUENTE DE LA CATALOGACIÓN
Centro catalogador/agencia de origen DO-SdBNP
Lengua de catalogación spa
Centro/agencia transcriptor BNPHU
082 ## - NÚMERO DE LA CLASIFICACIÓN DECIMAL DEWEY
Número de clasificación xxxxxx
Número de documento/Ítem xxxxxx
100 1# - ENTRADA PRINCIPAL--NOMBRE DE PERSONA
Nombre de persona Campbell, Doak S.
9 (RLIN) 69044
245 13 - MENCIÓN DE TÍTULO
Título El maestro eficiente /
Mención de responsabilidad, etc. Doak S. Campbell , traducido al ingles José M. Rodríguez.
260 ## - PUBLICACIÓN, DISTRIBUCIÓN, ETC.
Lugar de publicación, distribución, etc. Buenos Aires :
Nombre del editor, distribuidor, etc. Casa Bautista,
Fecha de publicación, distribución, etc. 199?
300 ## - DESCRIPCIÓN FÍSICA
Extensión 160 p. ;
Dimensiones 18 cm.
700 1# - PUNTO DE ACCESO ADICIONAL--NOMBRE DE PERSONA
Nombre de persona Rodríguez, José M.,
Término indicativo de función/relación tr.
9 (RLIN) 69045
Existencias
Estado de retiro Estado de pérdida Restricciones de uso No para préstamo Código de colección Localización permanente Ubicación/localización actual Ubicación en estantería Fecha de adquisición Número de inventario Total de préstamos Signatura topográfica completa Código de barras Fecha visto por última vez Precio válido a partir de Tipo de ítem Koha
      Excluido de préstamo Monografías: Libros y Folletos General General Depósito 12.11.2013 LF1   xxxxxx xxxxxx 42054-10 25.06.2020 25.06.2020 No se presta

Con tecnología Koha